<?xml version="1.0" encoding="UTF-8"?>
<record
    xmlns:xsi="http://www.w3.org/2001/XMLSchema-instance"
    xsi:schemaLocation="http://www.loc.gov/MARC21/slim http://www.loc.gov/standards/marcxml/schema/MARC21slim.xsd"
    xmlns="http://www.loc.gov/MARC21/slim">

  <leader>01282nam a2200193Ia 4500</leader>
  <controlfield tag="001">IA_During the financial analysis project feasibility was demonstrated as indicators in the sensitivity analysis were positive, was obtained an TIR of 26% a VAN of  2, 775,714.29 equivalent to a 20.6% and a relation Benefit Cost 1.25 ; well, project financing was handled in three parts, the first part is the support of SAGARPA Competitiveness and Productivity in the Agri component with an amount of  856,009.14, the second is a credit by FIRA of  1,409,897.41 with a interest rate of 14% per annum and the third part is the contribution of the partners  251,767.40 equivalent to 10% of the total.</controlfield>
  <controlfield tag="002">ESTUDIO DE FACTIBILIDAD TECNICO-ECONOMICO PARA LA</controlfield>
  <controlfield tag="008">220117s    xx            000 0 und d</controlfield>
  <datafield tag="010" ind1=" " ind2=" ">
    <subfield code="a">185523</subfield>
  </datafield>
  <datafield tag="530" ind1=" " ind2=" ">
    <subfield code="a">Disponible en PDF</subfield>
  </datafield>
  <datafield tag="650" ind1=" " ind2=" ">
    <subfield code="a">Opuntia ficus indica</subfield>
    <subfield code="x">Industria y comercio  </subfield>
    <subfield code="9">159587</subfield>
  </datafield>
  <datafield tag="650" ind1=" " ind2=" ">
    <subfield code="a">Opuntia ficus indica</subfield>
    <subfield code="x">Manufacture and trade</subfield>
    <subfield code="9">159588</subfield>
  </datafield>
  <datafield tag="700" ind1="1" ind2=" ">
    <subfield code="a">Espejel Zaragoza, Jos&#xE9; Alfredo</subfield>
    <subfield code="9">151219</subfield>
  </datafield>
  <datafield tag="700" ind1=" " ind2=" ">
    <subfield code="a">Mart&#xED;nez Mosqueda, Francisco, asesor </subfield>
    <subfield code="9">163662</subfield>
  </datafield>
  <datafield tag="700" ind1=" " ind2=" ">
    <subfield code="a">Ocampo Cabrera, Omar, coaut. </subfield>
    <subfield code="9">159589</subfield>
  </datafield>
  <datafield tag="700" ind1=" " ind2=" ">
    <subfield code="a">Szymanski Duque, Rosa Guadalupe, asesor</subfield>
    <subfield code="9">163701</subfield>
  </datafield>
  <datafield tag="942" ind1=" " ind2=" ">
    <subfield code="c">TESIS D53 2014</subfield>
  </datafield>
  <datafield tag="999" ind1=" " ind2=" ">
    <subfield code="c">185523</subfield>
    <subfield code="d">185523</subfield>
  </datafield>
</record>
